000 01414nam a2200349 a 4500
001 000113731
003 CHAP
005 20220329144410.0
008 170913s2017 mx sm |||||||spa d
010 _a110192
011 _a111164
040 _cCHAP
090 _aTesis
100 1 _aSantos Rivera, María de la Luz.
_9133331
245 1 0 _aDescripción, manejo e importancia de los sistemas agroforestales de la Comunidad P´urhepecha de San Juan Carapan Michoacán, México
_h[En línea]
_cpor María de la Luz Santos Rivera.
260 _aMorelia, Mich. :
_bEl autor,
_c2017.
500 _aPara ver el contenido del material haga clic en la liga
502 _aTesis (M.C. en Desarrollo Rural Regional) -- UACH. Dirección de Centros Regionales Universitarios
590 _aBATCH-UPD
_b05
_c20170913
_lUCH01
_h0915
590 _aBATCH-UPD
_b05
_c20170913
_lUCH01
_h0935
590 _aBATCH-UPD
_b05
_c20170913
_lUCH01
_h0939
590 _aE5765TAJ
_b05
_c20170913
_lUCH01
_h0914
590 _aE5765TAJ
_b05
_c20170913
_lUCH01
_h0914
590 _aE5765TAJ
_b05
_c20170913
_lUCH01
_h0938
650 1 4 _aPurepechas (Indios)
_xDesarrollo de la comunidad rural.
_9133333
650 1 4 _aPurepechas (Indios)
_xSistemas agroforestales.
_9133332
650 1 4 _aTierras
_xUtilización.
_9113219
856 _aFinding aid
_uhttp://10.13.5.2/tesis/sist113731.pdf
_zTeclea aquí
901 _aBK
942 _cTESIS
942 _n0
999 _c110192
_d110192